Bölge planlama üzerine / (Kayıt no. 10226)
[ düz görünüm ]
| 000 -BAŞLIK | |
|---|---|
| Sabit Uzunluktaki Kontrol Alanı | 01050nam a22002057a 4500 |
| 003 - KONTROL NUMARASI KİMLİĞİ | |
| Kontrol Alanı | KOHA_MİRAKIL |
| 005 - EN SON İŞLEM TARİHİ ve ZAMANI | |
| Kontrol Alanı | 20260414083841.0 |
| 008 - SABİT UZUNLUKTAKİ VERİ ÖGELERİ - GENEL BİLGİ | |
| Sabit Alan | 260414b tu ||||| |||| 00| 0 tur d |
| 040 ## - KATALOGLAMA KAYNAĞI | |
| Özgün Kataloglama Kurumu | TR-AnABB |
| Kataloglama Dili | tur |
| Çeviri Kurumu | TR-AnABB |
| 041 ## - DİL KODU | |
| Metin ya da ses kaydının dil kodu | tur |
| 082 ## - DEWEY ONU SINIFLAMA SİSTEMİ | |
| Sınıflama Numarası | 307.12 |
| Cutter numarası | TEK 1972 |
| 100 1# - KİŞİ ADI | |
| Yazar Adı (Kişi adı) | Tekeli, İlhan |
| 245 10 - ESER ADI BİLDİRİMİ | |
| Başlık | Bölge planlama üzerine / |
| Sorumluluk Bildirimi | İlhan Tekeli |
| 260 ## - YAYIN, DAĞITIM, VB. | |
| Yayın Yeri | İstanbul : |
| Yayınevi | İstanbul Teknik Üniversitesi Mimarlık Fakültesi, |
| Yayın Tarihi | 1972 |
| 300 ## - FİZİKSEL TANIMLAMA | |
| Sayfa, Cilt vb. | 180 sayfa ; |
| Boyutları | 20 cm |
| 500 ## - GENEL NOT | |
| Genel Not | Yazar tarafından Prof. Dr. Ruşen Keleş için imzalanmıştır. |
| 505 ## - İÇİNDEKİLER NOTU | |
| İçindekiler Notu | içindekiler: Türkiyede bölge planlama ve eğitimi hakkında düşünceler - Bölgelerin ve sınırların tanımlanması ile ilgili sorunlar ve teknikler - Türkiye'de bugünkü müesseseler düzeninde hazırlanması istenilen ve uygulamaya dönük diye adlandırılan bölge planlarının hazırlanması için bir yaklaşım denemesi - Anadoluda mekan organizasyonunun evrimi ve bölge planlama çalışmaları |
| 650 04 - KONU BAŞLIĞI EK GİRİŞ - KONU TERİMİ | |
| Konusal terim veya coğrafi ad | Bölge planlama |
| 942 ## - EK GİRİŞ ÖGELERİ (KOHA) | |
| Sınıflama Kaynağı | Dewey Decimal Classification |
| Materyal Türü | Kitap |
| 900 ## - YEREL BİLGİ | |
| Kontrol | Can ÇELIK |
| Geri Çekilme Durumu | Kayıp Durumu | Sınıflandırma Kaynağı | Kredi için değil | Kalıcı Konum | Mevcut Konum | Kayıt Tarih | Toplam Ödünçverme | Yer Numarası | Demirbaş Numarası | Son Görülme Tarihi | Fatura Tarihi | Materyal Türü |
|---|---|---|---|---|---|---|---|---|---|---|---|---|
| Dewey Decimal Classification | Prof. Dr. Ruşen Keleş Kütüphanesi | Prof. Dr. Ruşen Keleş Kütüphanesi | 14/04/2026 | 307.12 TEK 1972 | RK7064 | 14/04/2026 | 14/04/2026 | Kitap |
